L'heureuse année ou l'année sanctifiée par la méditation des sentences et des exemples des saints.

Detalles Bibliográficos
Autor principal: LASAUSSE (Abad)
Formato: Libro
Publicado: Tours 1859
Materias:
Colección:Banco de datos
Acervo:Biblioteca Nacional de Antropología e Historia. Fondo Conventual
Tema general:Homilética
Notas:Buena. XI,7,22. Corresponde a la 1a serie.
LEADER 00702nam a22001930004500
035 |a 11810 
036 |a 6415 
100 1 |a LASAUSSE (Abad) 
245 1 0 |a L'heureuse année ou l'année sanctifiée par la méditation des sentences et des exemples des saints. 
260 |a Tours  |b Mame y cía  |c 1859 
500 |a Buena. XI,7,22. Corresponde a la 1a serie. 
650 1 0 |a Homilética 
949 |a B.N.A.H. 
959 |a Biblioteca Nacional de Antropología e Historia. Ciudad de México  |b CCC1 
960 |a Seminario de Morelia  |b DD56 
961 |a Casa de formación del Clero Secular  |b CS 
942 |c B.N.A.H. 
943 |g Biblioteca Nacional de Antropología e Historia. Fondo Conventual 
999 |c 1036342  |d 1036342